| 000 | 00382cam a2200157ua 4500 | ||
|---|---|---|---|
| 041 |
_aeng _h |
||
| 082 |
_a330.1 _bJAT/EL |
||
| 100 | _aJathar, G B . | ||
| 245 |
_aElementary economics / _cG B Jathar. _hTextual Documents |
||
| 250 |
_a6 / _b. |
||
| 260 |
_aLondon : _bOxford University Press , _c1960. |
||
| 300 | _a244 ; . | ||
| 504 | _a | ||
| 942 | _cBK | ||
| 999 |
_c12099 _d12099 |
||